عرض عادي
عرض مارك
- القرنة، داود سليمان
مدخل إسم شخص
001 - رقم الضبط
- حقل الضبط: 37166
003 - معرف رقم الضبط
- حقل الضبط: OSt
005 - تاريخ ووقت أخر عملية
- حقل الضبط: 20130923152602.0
008 - عناصر بيانات ثابتة الطول
- حقل تحكم ثابت الطول: 130923|||a|||||| | ||| d
040 ## - مصدر الفهرسة
- هيئة الفهرسة الأصلية: OSt
- وكالة الكتابة: OSt
100 ## - مدخل -- أسم شخص
- إسم شخص: القرنة، داود سليمان
- مصطلح الرابط: مراجع
670 ## - بيانات المصدر موجوده
- الاستشهاد بالمصدر: Work cat.: (OSt): دليل الوالدين في تربية الأطفال الموهوبين /, 2012
